| Tag |
First Indicator |
Second Indicator |
Subfields |
| LEADER |
00000cam a2200000 4500 |
| 001 |
in00001111721 |
| 005 |
20150930061503.0 |
| 008 |
830503s1939 gw abf b 000 0 ger |
| 010 |
|
|
|a 41021424
|
| 035 |
|
|
|a (OCoLC)09474073
|
| 035 |
|
|
|9 AFV0392AM
|
| 040 |
|
|
|a DLC
|c SUC
|d SUC
|d TXA
|d UtOrBLW
|
| 049 |
|
|
|a TXAM
|
| 050 |
|
0 |
|a DR701.S5
|b B8
|
| 082 |
0 |
|
|a 949.6
|
| 090 |
|
|
|a DR701.S5
|b B8 1939
|
| 100 |
1 |
|
|a Busch-Zantner, Richard,
|d 1911-
|
| 245 |
1 |
0 |
|a Albanien, neues land im imperium.
|
| 264 |
|
1 |
|a Leipzig :
|b W. Goldmann,
|c [1939]
|
| 264 |
|
4 |
|c ©1939
|
| 300 |
|
|
|a 217 pages :
|b illustrations (map) plates. ;
|c 23 cm.
|
| 336 |
|
|
|a text
|b txt
|2 rdacontent
|
| 337 |
|
|
|a unmediated
|b n
|2 rdamedia
|
| 338 |
|
|
|a volume
|b nc
|2 rdacarrier
|
| 500 |
|
|
|a Map on lining-paper.
|
| 504 |
|
|
|a "Schrifttum": pages [216]-217.
|
| 651 |
|
0 |
|a Albania
|x Politics and government.
|
| 651 |
|
0 |
|a Albania
|x Economic conditions.
|
| 650 |
|
0 |
|a Italians
|z Albania.
|
| 999 |
|
|
|a MARS
|
| 999 |
f |
f |
|s 24af3c36-e7df-3056-9fab-3a9e740448f1
|i 31b1f0b1-5ac6-3649-8384-1f369d9dafa1
|t 0
|
| 952 |
f |
f |
|p ric
|a Texas A&M University
|b Rellis Campus
|c Joint Library Facility
|d Remote Storage
|t 0
|e DR701.S5 B8 1939
|h Library of Congress classification
|i unmediated -- volume
|m A14816919905
|
| 998 |
f |
f |
|a DR701.S5 B8 1939
|t 0
|l Remote Storage
|